| 000 | 00994nam a2200229Ia 4500 | ||
|---|---|---|---|
| 003 | Ost | ||
| 005 | 20260507074852.0 | ||
| 008 | 260507s9999||||xx |||||||||||||| ||und|| | ||
| 040 | _cfsecg | ||
| 041 | _aara | ||
| 082 | _a658.81 | ||
| 100 |
_aالصيرفي، محمد _eمؤلف |
||
| 245 | 0 |
_aإدارة المشتريات والمبيعات والمخازن / _c محمد الصيرفي |
|
| 260 |
_aالبحرين: _bمؤسسة لورد العالمية للشؤون الجامعية, _c2006 |
||
| 300 |
_a131 صفحة؛ _bإيضاحات ؛ _c24 سم |
||
| 504 | _aبيبليوغرافيا: ص.130 | ||
| 520 | _aماهية الشراء وأهميته، تنظيم إدارة الموارد، الأصول العلمية للشراء، مفهوم المخزون وأنواعه، إجراءات التخزين، البيع الشخصي. | ||
| 653 | _aالادارة | ||
| 653 | _aالمخزون | ||
| 700 |
_aبوجيري، حسن محمد _eمؤلف ثانوي |
||
| 942 | _cكتاب | ||
| 999 |
_c41586 _d41586 |
||